00406nam a22001457a 4500020001800000082001900018100002200037245005900059250000900118260005700127300001000184650002500194650002500219650001600244 a9789361009150 aM080 32bRAM/S aRamesh Chandran V aSanchara sahithyam malayalathil/cby Ramesh Chandran V a2nd. aThiruvananthapuram:bKerala Bhasha Institute,c2025. a296p. aTravelogue Malayalam aLiterature Malayalam aLiterature